000 00905nam a22003017a 4500
003 CHAP
005 20220329141515.0
008 971013s1980 r 00010 d
010 _a69252
011 _a70224
035 _a79705
040 _cCHAP
082 _a515
_bI9 1980
100 0 0 _aIzquierdo Asensi, Fernando.
_960752
245 _aGeometría descriptiva superior y aplicada
250 _a2 ed.
260 _aMadrid :
_bDossat,
_c1980
300 _a642 p.
_b: ilus. ; gráfs.
500 _a33-155
590 _aBATCH-UPD
_b10
_c20130110
_lUCH01
_h0814
590 _aBATCH-UPD
_b10
_c20130410
_lUCH01
_h0450
590 _aBATCH-UPD
_b10
_c20130914
_lUCH01
_h1600
590 _aCONVERSION
_b10
_c20130109
_lUCH01
_h1338
650 1 4 _aGeometría descriptiva.
_947655
901 _aBK
942 _cLIBRO
949 _a515 I9 1980
_bBC
_cLIBRO
_d33724000600425
_eLIBRO
_gI. 147761
_h76541
_i79705
_si
_t72.00
999 _c69252
_d69252